书目信息 |
| 题名: |
PCR技术实验指南
|
|
| 作者: | 迪芬巴赫 , 德维克斯勒 ;黄培棠 译 | |
| 分册: | ||
| 出版信息: | 北京 科学出版社 2002.02 |
|
| 页数: | 541页 | |
| 开本: | 26cm | |
| 丛书名: | 现代生物技术译丛 | |
| 单 册: | ||
| 中图分类: | Q , Q555.3-33 | |
| 科图分类: | ||
| 主题词: | 酶 | |
| 电子资源: | ||
| ISBN: | 7-03-006445-3 | |
| 000 | 00867nam0 2200265 45 | |
| 001 | 0336638927 | |
| 005 | 2003040110103892 | |
| 010 | @a7-03-006445-3@dRMB 98.00 | |
| 100 | @a20030401d2002 km y0chiy0120 ea | |
| 101 | 0 | @achi |
| 102 | @aCN@b110000 | |
| 200 | 1 | @aPCR技术实验指南@APCR ji shu shi yan zhi nan@d=PCR Primer:A Laboratory Manual@f(美)迪芬巴赫,德维克斯勒@F(Mei)Di Fen Ba He,De Wei Ke Si Le@g黄培棠等译@GHuang Pei Tang Deng Yi |
| 210 | @a北京@c科学出版社@d2002.02 | |
| 215 | @a541页@d26cm | |
| 225 | 2 | @a现代生物技术译丛 |
| 410 | 0 | @12001 @a现代生物技术译丛 |
| 510 | @a=PCR Primer:A Laboratory Manual | |
| 606 | 0 | @a酶 |
| 690 | @aQ@v3 | |
| 690 | @aQ555.3-33@v4 | |
| 701 | 0 | @a迪芬巴赫@ADi Fen Ba He |
| 701 | 0 | @a德维克斯勒@ADe Wei Ke Si Le |
| 702 | 0 | @a黄培棠@AHuang Pei Tang@4译 |
| 801 | 0 | @aCN@bPFT@c20030401 |
| 905 | @a10447@dQ555.3-33@eD371 | |
| PCR技术实验指南=PCR Primer:A Laboratory Manual/(美)迪芬巴赫,德维克斯勒/黄培棠等译.-北京:科学出版社,2002.02 |
| 541页;26cm.-(现代生物技术译丛) |
| ←并列题名:=PCR Primer:A Laboratory Manual |
| ISBN 7-03-006445-3:RMB 98.00 |
| ● |
| 相关链接 |
|
|
|
正题名:PCR技术实验指南
索取号:Q555.3-33/D371
 
预约/预借
| 序号 | 登录号 | 条形码 | 馆藏地/架位号 | 状态 | 备注 |
| 1 | 368608 | 203686083 | 自科库401/401自科库 30排2列1层/ [索取号:Q555.3-33/D371] | 在馆 |